| 000 | 01433nam a22002537a 4500 | ||
|---|---|---|---|
| 005 | 20231201161212.0 | ||
| 008 | 231201b ||||| |||| 00| 0 eng d | ||
| 040 | _cAL | ||
| 041 | _akan | ||
| 082 |
_223 _a307.772K _bRICK |
||
| 100 |
_aRichter G: ರಿಕ್ಟರ್ ಜಿ _9143996 |
||
| 245 |
_aKodagu Prantyadalli Kandubaruva Jatigalu Matthu Budakattu Janangagala Vrithanta Samhithe: _bಕೊಡಗು ಪ್ರಾಂತ್ಯದಲ್ಲಿ ಕಂಡುಬರುವ ಜಾತಿಗಳು ಮತ್ತು ಬುಡಕಟ್ಟು ಜನಾಂಗಗಳ ವೃತ್ತಾಂತ ಸಂಹಿತೆ |
||
| 260 |
_aMangalore _bPrasaranga Mangalore University _c2011 |
||
| 300 |
_axviii,99p. _bPB _c22x14cm. |
||
| 365 |
_2kannada _a063-65 _b50.00 _c₹ _d100.00 _e50% _f23-11-2023 |
||
| 650 |
_aJatiyetara Budakattugalu: ಜಾತಿಯೇತರ ಬುಡಕಟ್ಟುಗಳು _9143946 |
||
| 650 |
_aEthnographical Compendium on the Castes and Tribes Found in the Province of Coorg _9143997 |
||
| 650 |
_aSevavrattiya Jatigalu: ಸೇವಾವೃತ್ತಿಯ ಜಾತಿಗಳು _9143947 |
||
| 650 |
_aKushalkarmi Jatigalu: ಕುಶಲಕರ್ಮಿ ಜಾತಿಗಳು _9143948 |
||
| 650 |
_aPurohita Jatigalu: ಪುರೋಹಿತ ಜಾತಿಗಳು _9143949 |
||
| 700 |
_aRICHTER (G): ರಿಕ್ಟರ್ (ಜಿ) _9143950 |
||
| 700 |
_aಲೋಕೇಶ್ (ಕೆ ಎಂ) Tr _9143958 |
||
| 942 |
_2ddc _cBK |
||
| 999 |
_c229349 _d229349 |
||